000 00487 a2200157 4500
020 _a088022861X
040 _aDLC
_bDLC
082 0 0 _a005.43
100 1 _aElliott, Alan C.,
245 1 0 _aUsing Norton Utilities 6
_cAlan C. Elliott.
260 _aCarmel, IN :
_bQue,
_cc1992.
300 _axxvi, 627 p. :
_bill. ;
_c24 cm.
500 _a"Based on Norton Utilities 6.0.1, Norton Commander 3.0, and Norton Backup 1.1"--T.p. verso.
500 _aIncludes index.
942 _cBK
_k005.43 ELL
_2ddc
999 _c6168
_d6168